[Event "Jugendweltmeisterschaft U10w"]
[Site "Belfort"]
[Date "2005.07.25"]
[Round "8.6"]
[White "Wang, Jie"]
[Black "Bohorquez, Maria"]
[Result "1-0"]
[WhiteElo "1599"]
[BlackElo "1599"]
[PlyCount "45"]
[EventDate "2005.07.18"]

1. e4 e5 2. Nf3 Nc6 3. Bb5 Nf6 4. Nc3 d6 5. d4 Bd7 6. O-O Be7 7. Bg5 O-O 8. Re1
h6 9. Bh4 Bg4 10. Bxc6 bxc6 11. dxe5 Bxf3 12. Qxf3 dxe5 13. Rad1 Qb8 14. b3 Qb4
15. Rd3 Rfd8 16. Red1 c5 17. Bxf6 Bxf6 18. Nd5 Qb8 19. Nxf6+ gxf6 20. Rxd8+
Qxd8 21. Rxd8+ Rxd8 22. h3 Rd2 23. Qc3 1-0

[Event "Jugendweltmeisterschaft U18"]
[Site "Belfort (FRA)"]
[Date "2005.07.26"]
[Round "9.2"]
[White "Khairullin, Ildar"]
[Black "Wojtaszek, Radoslaw"]
[Result "1/2-1/2"]
[WhiteElo "2538"]
[BlackElo "2591"]
[PlyCount "80"]
[EventDate "2005.07.18"]

1. e4 c6 2. d4 d5 3. e5 Bf5 4. h4 Qb6 5. Nc3 h5 6. Be2 e6 7. Nf3 Ne7 8. Ng5 Bg6
9. Na4 Qc7 10. Nc5 Nf5 11. Nb3 Nd7 12. Bf4 c5 13. dxc5 Nxc5 14. g3 a6 15. O-O
Na4 16. Rb1 Nb6 17. Bd3 Nc4 18. Qe2 Rc8 19. Nf3 Qb6 20. Kg2 Na5 21. Nxa5 Qxa5
22. a3 Qb6 23. Bg5 Bc5 24. c3 Be7 25. Rbc1 Bd8 26. Bxd8 Rxd8 27. Bxf5 Bxf5 28.
Nd4 Bg6 29. Rcd1 Rc8 30. Rd2 Rc4 31. Kh2 Qc7 32. Qe3 Qe7 33. f3 b5 34. Rg1 Qc7
35. Qg5 Qe7 36. Qe3 Kf8 37. Rdg2 Kg8 38. Kh3 Kh7 39. g4 Kg8 40. Rh1 Qd8 1/2-1/2

[Event "Jugendweltmeisterschaft U18w"]
[Site "Belfort (FRA)"]
[Date "2005.07.26"]
[Round "9.3"]
[White "Purtseladze, Maka"]
[Black "Borosova, Zuzana"]
[Result "1-0"]
[WhiteElo "2313"]
[BlackElo "2222"]
[PlyCount "129"]
[EventDate "2005.07.18"]

1. d4 Nf6 2. c4 e6 3. Nf3 b6 4. g3 Bb7 5. Bg2 Be7 6. Nc3 Ne4 7. Bd2 O-O 8. d5
exd5 9. cxd5 f5 10. O-O Bf6 11. h4 Nxd2 12. Qxd2 Bxc3 13. bxc3 Na6 14. Nd4 Qf6
15. Qf4 h6 16. Nb5 d6 17. e4 fxe4 18. Qxf6 Rxf6 19. Bxe4 Nc5 20. f3 Ba6 21.
Nxc7 Nxe4 22. fxe4 Bxf1 23. Nxa8 Bd3 24. Nc7 Bxe4 25. Re1 Rf7 26. c4 Rxc7 27.
Rxe4 Kf7 28. Kf2 Re7 29. Rf4+ Ke8 30. h5 Re5 31. g4 Ke7 32. Rd4 Kf6 33. Rf4+
Ke7 34. Rd4 Kd8 35. Rf4 Ke7 36. Rd4 Kd8 37. Kf3 Ke7 38. Rd3 Kf6 39. Ra3 Re7 40.
Kf4 Rc7 41. Kf3 Kf7 42. Ke3 Kf6 43. Kf3 Kg5 44. Re3 Rxc4 45. Re7 Rc3+ 46. Ke4
Rc4+ 47. Kd3 Rxg4 48. Rxg7+ Kxh5 49. Rxa7 Rg8 50. Rd7 Kg4 51. Rxd6 h5 52. Rh6
h4 53. d6 Rd8 54. Kd4 Kg5 55. Re6 h3 56. Kd5 h2 57. Re1 Ra8 58. d7 Kg4 59. Kc6
Kg3 60. Kb7 Rh8 61. Kc7 Kg2 62. d8=Q Rxd8 63. Kxd8 h1=Q 64. Rxh1 Kxh1 65. a4
1-0

[Event "Jugendweltmeisterschaft U16"]
[Site "Belfort (FRA)"]
[Date "2005.07.26"]
[Round "9.5"]
[White "Lenderman, Alex"]
[Black "Spoelman, Wouter"]
[Result "1-0"]
[WhiteElo "2378"]
[BlackElo "2365"]
[PlyCount "41"]
[EventDate "2005.07.18"]

1. e4 c5 2. d4 cxd4 3. Nf3 e6 4. Nxd4 Nc6 5. Nc3 Qc7 6. Be2 a6 7. a3 Nf6 8. Be3
Bd6 9. Qd2 Nxd4 10. Bxd4 Bf4 11. Be3 Be5 12. Bd4 Bf4 13. Qd3 e5 14. Be3 Bxe3
15. fxe3 b5 16. O-O-O Bb7 17. g4 h6 18. h4 Qc4 19. Qd6 Qe6 20. Qc7 Bc6 {#} 21.
Rd6 (21. Rd6 Qe7 22. Rxc6 dxc6 23. Qxc6+) 1-0

[Event "Jugendweltmeisterschaft U14"]
[Site "BELFORT"]
[Date "2005.07.26"]
[Round "9.3"]
[White "Le, Quang Liem"]
[Black "Chirila, Ioan Cristian"]
[Result "1-0"]
[WhiteElo "2326"]
[BlackElo "2350"]
[PlyCount "105"]
[EventDate "2005.07.18"]

1. d4 d5 2. c4 e6 3. Nc3 c6 4. e3 Bd6 5. Bd3 f5 6. Nge2 Nf6 7. Qc2 O-O 8. cxd5
cxd5 9. Nb5 Nc6 10. Nxd6 Nb4 11. Qb3 Nxd3+ 12. Qxd3 Qxd6 13. f3 b6 14. O-O a5
15. Re1 Ba6 16. Qd1 Rfc8 17. Bd2 Rc6 18. Ng3 Rac8 19. Bc3 Rc4 20. a3 Bb7 21.
Nh1 Ne8 22. Nf2 Nc7 23. Qb3 Ba6 24. a4 Rc6 25. Qd1 Bc4 26. Bd2 Qd7 27. Kh1 Ne8
28. Bc3 Nd6 29. Rg1 Qf7 30. Nh3 Ba6 31. Qe1 Rc4 32. Nf4 Bb7 33. h3 Qf6 34. Qf2
Bc6 35. Qc2 Bd7 36. Nd3 Nf7 37. Qd1 Qe7 38. g4 Qh4 39. Kg2 Qe7 40. Nf4 fxg4 41.
hxg4 Qe8 42. Rh1 Bxa4 43. Qd3 h6 44. Qg6 Nh8 45. Qxe6+ Qxe6 46. Nxe6 Re8 47.
Nf4 Rxe3 48. Kf2 Re8 49. Nd3 Rb8 50. Ne5 Rxc3 51. bxc3 b5 52. Rhb1 Rc8 53. c4
1-0

[Event "Jugendweltmeisterschaft U14w"]
[Site "BELFORT"]
[Date "2005.07.26"]
[Round "9.1"]
[White "Skinke, Katrina"]
[Black "Tairova, Elena"]
[Result "0-1"]
[WhiteElo "2100"]
[BlackElo "2232"]
[PlyCount "101"]
[EventDate "2005.07.18"]

1. e4 e6 2. d4 d5 3. Nc3 Nf6 4. Bg5 Bb4 5. exd5 Qxd5 6. Bxf6 Bxc3+ 7. bxc3 gxf6
8. Qf3 Qxf3 9. Nxf3 b6 10. Bd3 Bb7 11. Ke2 Nd7 12. Rhg1 O-O-O 13. Nd2 h5 14. f3
f5 15. Nc4 Nf6 16. Ne5 Rh7 17. Bc4 Nd5 18. Bxd5 Bxd5 19. Kf2 a5 20. a3 Rg8 21.
Rae1 f6 22. Nd3 Kd7 23. Re3 h4 24. Nf4 Bc4 25. Rge1 Re8 26. Rd1 c6 27. Rde1 Kd6
28. Rb1 b5 29. Rbe1 Rg7 30. Rd1 Ke7 31. Rde1 Kf7 32. Nd3 Re7 33. Nc5 Bd5 34.
Nb3 Rg8 35. Nc5 Rge8 36. f4 Rg8 37. g3 hxg3+ 38. Rxg3 Rxg3 39. hxg3 Re8 40. Nd3
Rh8 41. Ke3 Be4 42. Rg1 Rh2 43. Nf2 Bxc2 44. Nh1 Ke7 45. Nf2 Kd6 46. Kd2 Bb1
47. Ke2 Ba2 48. Ke1 Bc4 49. Nd1 Bb3 50. Nf2 Bd5 51. c4 0-1

[Event "Jugendweltmeisterschaft U12"]
[Site "Belfort (FRA)"]
[Date "2005.07.26"]
[Round "9.1"]
[White "Narayanan, Srinath"]
[Black "Hou, Yifan"]
[Result "1/2-1/2"]
[WhiteElo "2084"]
[BlackElo "2158"]
[PlyCount "72"]
[EventDate "2005.07.18"]

1. e4 c5 2. Nf3 d6 3. d4 cxd4 4. Nxd4 Nf6 5. Nc3 Nc6 6. f3 e5 7. Nb3 Be6 8. Nd5
Bxd5 9. exd5 Nb8 10. Be3 Nbd7 11. Qd2 Be7 12. g4 O-O 13. g5 Nh5 14. O-O-O a5
15. Kb1 a4 16. Nc1 a3 17. b3 f5 18. gxf6 Bxf6 19. Bd3 Nf4 20. Be4 Qc7 21. Nd3
Bg5 22. h4 Bh6 23. Nf2 Qa5 24. Ng4 Qxd2 25. Nxh6+ gxh6 26. Rxd2 Nf6 27. Bxf4
exf4 28. Rd4 Nd7 29. b4 Ne5 30. c3 Kh8 31. Rg1 Rg8 32. Rxg8+ Rxg8 33. Bf5 Rf8
34. Be4 Rg8 35. Bf5 Rf8 36. Be4 Ra8 1/2-1/2

[Event "Jugendweltmeisterschaft U12w"]
[Site "Belfort (FRA)"]
[Date "2005.07.26"]
[Round "9.1"]
[White "Lakshmi, Sahiti P"]
[Black "Arabidze, Meri"]
[Result "0-1"]
[WhiteElo "1984"]
[BlackElo "1599"]
[PlyCount "178"]
[EventDate "2005.07.18"]

1. e4 c5 2. Nf3 e6 3. d4 cxd4 4. Nxd4 a6 5. Nc3 Qc7 6. Be2 Nc6 7. O-O Nf6 8.
Be3 Bb4 9. Na4 Rb8 10. c4 Bd6 11. Nf3 Ng4 12. Bb6 Bxh2+ 13. Kh1 Qf4 14. Be3 Qd6
15. Bb6 Qf4 16. Be3 Qd6 17. Qxd6 Bxd6 18. Bb6 Ra8 19. Rad1 Bb8 20. Rd2 Nf6 21.
Bd3 O-O 22. Bc2 d6 23. Nc3 Nd7 24. Be3 Nde5 25. Nxe5 Nxe5 26. Bb3 Bc7 27. Na4
h6 28. Bb6 Bb8 29. c5 d5 30. exd5 exd5 31. Bxd5 Nc6 32. Rfd1 Bf4 33. Re2 Bg4
34. f3 Bf5 35. g4 Bg6 36. Kg2 Rfe8 37. Rde1 Kf8 38. Kf2 Bd3 39. Rxe8+ Rxe8 40.
Rxe8+ Kxe8 41. Nc3 Bc1 42. b3 Bb2 43. Ne4 Bd4+ 44. Ke1 Bxe4 45. Bxe4 g6 46. Kd2
Kd7 47. Kd3 Bf2 48. a3 Ke6 49. b4 f5 50. gxf5+ gxf5 51. Bxc6 bxc6 52. a4 h5 53.
Ke2 Bd4 54. Kd3 Kd5 55. Bd8 Bf2 56. Ke2 Bg3 57. Ke3 h4 58. f4 Be1 59. Ba5 Bd2+
60. Kf3 Bc1 61. Bd8 h3 62. Kg3 Bxf4+ 63. Kxh3 Bd2 64. Ba5 Bc1 65. Kg3 Kc4 66.
Kf3 Ba3 67. Kf4 Bxb4 68. Bc7 Bxc5 69. Kxf5 Kb4 70. a5 Kb5 71. Ke6 Bb4 72. Kd7
Bxa5 73. Be5 Bb4 74. Ba1 c5 75. Kd6 c4+ 76. Kd5 c3 77. Kd4 c2 78. Bb2 Bd2 79.
Kd3 c1=Q 80. Bxc1 Bxc1 81. Kc2 Bf4 82. Kb2 a5 83. Kb3 a4+ 84. Ka3 Bd6+ 85. Kb2
Kb4 86. Ka2 a3 87. Ka1 Be5+ 88. Ka2 Ka4 89. Kb1 Kb3 0-1

[Event "Jugendweltmeisterschaft U10"]
[Site "Belfort"]
[Date "2005.07.26"]
[Round "9.1"]
[White "Bukavshin, Ivan"]
[Black "Grover, Sahaj"]
[Result "1-0"]
[WhiteElo "2029"]
[BlackElo "1955"]
[PlyCount "67"]
[EventDate "2005.07.18"]

1. e4 c5 2. Nf3 d6 3. d4 cxd4 4. Nxd4 Nf6 5. Nc3 a6 6. h3 e5 7. Nde2 b5 8. g4
b4 9. Nd5 Nbd7 10. Bg2 Nxd5 11. exd5 Bb7 12. O-O Be7 13. Ng3 O-O 14. Bd2 a5 15.
a3 Qb6 16. Nf5 Rfe8 17. axb4 axb4 18. Rxa8 Bxa8 19. Nxe7+ Rxe7 20. Qa1 Re8 21.
Qa4 Qc7 22. Bxb4 Rb8 23. c3 Nc5 24. Qa3 f6 25. Ra1 Bb7 26. Bxc5 dxc5 27. d6 Qd7
28. Qxc5 Bxg2 29. Kxg2 Qb7+ 30. Kg1 Qxb2 31. Qd5+ Kh8 32. Ra8 g6 33. d7 Kg7 34.
Rxb8 1-0

[Event "Jugendweltmeisterschaft U10w"]
[Site "Belfort"]
[Date "2005.07.26"]
[Round "9.4"]
[White "Wang, Jie"]
[Black "Kou, Yingya"]
[Result "1-0"]
[WhiteElo "1599"]
[BlackElo "1599"]
[PlyCount "77"]
[EventDate "2005.07.18"]

1. e4 c5 2. Nf3 d6 3. d4 cxd4 4. Nxd4 Nf6 5. Nc3 a6 6. Be2 e5 7. Nb3 Be7 8. a4
Nc6 9. Be3 Na5 10. Nxa5 Qxa5 11. O-O Be6 12. f3 O-O 13. Bd3 Nh5 14. Qe1 Qc7 15.
Nd5 Bxd5 16. exd5 f5 17. c4 Rae8 18. Qb1 Qc8 19. a5 Nf4 20. b4 Rf6 21. Rc1 Ref8
22. c5 dxc5 23. bxc5 Rg6 24. Bxf4 exf4 25. Qb4 Bf6 26. Rab1 Qd8 27. Bxf5 Bd4+
28. Qxd4 Rxf5 29. d6 Qg5 30. Rc2 Rd5 31. Qe4 Qf5 32. Qxf5 Rxf5 33. Rxb7 Rf8 34.
d7 Rc6 35. Rb6 Rc7 36. c6 Kf7 37. Rb7 Rxb7 38. cxb7 Ke7 39. Rc8 1-0

[Event "Jugendweltmeisterschaft U18"]
[Site "Belfort (FRA)"]
[Date "2005.07.27"]
[Round "10.4"]
[White "Khusnutdinov, Rustam"]
[Black "Khairullin, Ildar"]
[Result "0-1"]
[WhiteElo "2354"]
[BlackElo "2538"]
[PlyCount "45"]
[EventDate "2005.07.18"]

1. d4 f5 2. g3 Nf6 3. Bg2 g6 4. c4 Bg7 5. Nc3 O-O 6. Nf3 d6 7. O-O Qe8 8. d5 a5
9. e4 fxe4 10. Ng5 Na6 11. Ngxe4 Nxe4 12. Nxe4 b5 13. cxb5 Qxb5 14. Nc3 Qe8 15.
Re1 Rb8 16. Bg5 Rxb2 17. Rxe7 Qxe7 18. Bxe7 Rfxf2 19. Bf1 Rfd2 20. Qxd2 Rxd2
21. Re1 Bd4+ 22. Kh1 Bg4 23. Bg2 0-1

[Event "Jugendweltmeisterschaft U18w"]
[Site "Belfort (FRA)"]
[Date "2005.07.27"]
[Round "10.1"]
[White "Melia, Salome"]
[Black "Purtseladze, Maka"]
[Result "1-0"]
[WhiteElo "2305"]
[BlackElo "2313"]
[PlyCount "101"]

1. e4 c6 2. d4 d5 3. exd5 cxd5 4. c4 Nf6 5. Nc3 e6 6. Nf3 Bb4 7. cxd5 Nxd5 8.
Bd2 Nc6 9. Bd3 Be7 10. O-O O-O 11. Re1 Nf6 12. Bg5 Nb4 13. Bb1 b6 14. Ne5 Bb7
15. a3 Nbd5 16. Qd3 g6 17. h4 Nxc3 18. bxc3 Nh5 19. Qd1 Bc8 20. Bc1 Nf6 21. Nf3
Bb4 22. Bd2 Nd5 23. Bd3 Be7 24. Rf1 Nf6 25. Re1 g5 26. Bxg5 Bb7 27. Ne5 Nh5 28.
Bb1 Bxg5 29. hxg5 Nf6 30. g6 fxg6 31. Ba2 Nd5 32. Nc6 Kh8 33. Re3 Rc8 34. Na5
b5 35. Re2 Rf5 36. Rb2 Kg7 37. Kf1 Kf6 38. Ke2 Rg5 39. Kd3 h5 40. f3 h4 41. Re2
h3 42. g4 Rxg4 43. Qa4 bxa4 44. Rh2 Rc4 45. Kxc4 Re4 46. f4 Rxd4+ 47. cxd4 g5
48. Kd3 Ne3 49. Kxe3 Bf3 50. Rah1 Be4 51. Kxe4 1-0

[Event "Jugendweltmeisterschaft U16w"]
[Site "Belfort (FRA)"]
[Date "2005.07.27"]
[Round "10.1"]
[White "Muzychuk, Anna"]
[Black "Hamrakulova, Yulduz"]
[Result "1/2-1/2"]
[WhiteElo "2364"]
[BlackElo "2114"]
[PlyCount "95"]
[EventDate "2005.07.18"]

1. e4 c6 2. c4 d5 3. cxd5 cxd5 4. exd5 Qxd5 5. Nc3 Qa5 6. d4 Nf6 7. Nf3 e6 8.
Bc4 Be7 9. O-O O-O 10. Bf4 a6 11. Qe2 Nc6 12. Rad1 Nd5 13. Bd2 Qd8 14. Rfe1 Bf6
15. Qe4 Nce7 16. Bd3 g6 17. Bh6 Bg7 18. Bxg7 Kxg7 19. Qe5+ f6 20. Qe4 Ra7 21.
Nxd5 Qxd5 22. Qxd5 Nxd5 23. Bc4 Nc7 24. Bb3 b6 25. Rc1 Bd7 26. Rc2 Rd8 27. a3
Kf7 28. Rec1 Ne8 29. h4 h6 30. g4 g5 31. Kg2 Ke7 32. hxg5 hxg5 33. Nd2 Nd6 34.
Rh1 Rf8 35. Rcc1 Raa8 36. Rce1 Rae8 37. Bxe6 Bxe6 38. d5 Kd7 39. dxe6+ Rxe6 40.
Rxe6 Kxe6 41. Re1+ Kd5 42. Rd1 Ke6 43. Nf3 Rc8 44. Nd4+ Kf7 45. b3 Rc5 46. Kf3
Rd5 47. a4 Ke8 48. Ra1 1/2-1/2

[Event "Jugendweltmeisterschaft U14"]
[Site "BELFORT"]
[Date "2005.07.27"]
[Round "10.1"]
[White "Boychev, Mariyan"]
[Black "Le, Quang Liem"]
[Result "1/2-1/2"]
[WhiteElo "2240"]
[BlackElo "2326"]
[PlyCount "63"]

1. d4 d5 2. c4 c6 3. Nf3 Nf6 4. b3 Bf5 5. Bb2 e6 6. Nbd2 Nbd7 7. g3 Be7 8. Bg2
h6 9. O-O O-O 10. Ne5 a5 11. a3 Qb6 12. c5 Qc7 13. f4 Nh7 14. b4 f6 15. Nxd7
Qxd7 16. e4 Bxe4 17. Nxe4 dxe4 18. Bxe4 f5 19. Bd3 axb4 20. axb4 Nf6 21. Qb3
Nd5 22. b5 Bf6 23. b6 g5 24. fxg5 hxg5 25. Bc4 Qg7 26. Qd3 Rad8 27. Rad1 Rfe8
28. Rf2 Kh8 29. Bb3 Re7 30. Kh1 Ra8 31. Qxf5 exf5 32. g4 1/2-1/2

[Event "Jugendweltmeisterschaft U14w"]
[Site "BELFORT"]
[Date "2005.07.27"]
[Round "10.1"]
[White "Tairova, Elena"]
[Black "Winkelmann, Elena"]
[Result "1-0"]
[WhiteElo "2232"]
[BlackElo "2040"]
[PlyCount "77"]
[EventDate "2005.07.18"]

1. e4 c5 2. Nf3 e6 3. c4 Nc6 4. Nc3 e5 5. d3 d6 6. a3 Nge7 7. Nd5 a5 8. Be2
Nxd5 9. cxd5 Nd4 10. Nxd4 cxd4 11. Bg4 b5 12. O-O g6 13. f4 Bg7 14. Bxc8 Rxc8
15. f5 h5 16. fxg6 fxg6 17. Bd2 Rf8 18. Rxf8+ Kxf8 19. Qe1 a4 20. Qg3 Qe8 21.
Bb4 Rd8 22. Rc1 Bf6 23. Rc6 Be7 24. Qh3 Qf7 25. Bd2 Bf6 26. Ba5 Bg5 27. Qf3
Qxf3 28. gxf3 Rd7 29. Rc8+ Kf7 30. Rb8 Bc1 31. Rxb5 Kf6 32. Rb6 Kg5 33. Bb4 Kf4
34. Kf2 Be3+ 35. Ke2 g5 36. Rxd6 Rf7 37. Be1 h4 38. Rg6 Bg1 39. Bxh4 1-0

[Event "Jugendweltmeisterschaft U12"]
[Site "Belfort (FRA)"]
[Date "2005.07.27"]
[Round "10.1"]
[White "Robson, Ray"]
[Black "Narayanan, Srinath"]
[Result "1/2-1/2"]
[WhiteElo "2021"]
[BlackElo "2084"]
[PlyCount "74"]
[EventDate "2005.07.18"]

1. e4 c5 2. Nf3 e6 3. d4 cxd4 4. Nxd4 Nf6 5. Nc3 d6 6. Be2 a6 7. O-O Be7 8. Be3
O-O 9. a4 Nc6 10. Kh1 Qc7 11. f4 Re8 12. Bg1 Rb8 13. Qd2 b6 14. Rae1 Bb7 15.
Nxc6 Bxc6 16. Bxa6 d5 17. e5 Ne4 18. Nxe4 dxe4 19. Bb5 Red8 20. Qc3 Rbc8 21.
Qxc6 Qxc6 22. Bxc6 Rxc6 23. c3 Rd2 24. Rf2 Rxf2 25. Bxf2 Rc4 26. Bxb6 Rxa4 27.
b4 f5 28. Kg1 Kf7 29. Rd1 Ra3 30. Rd7 Ke8 31. Rc7 g5 32. g3 Ra1+ 33. Kg2 gxf4
34. gxf4 Ra2+ 35. Kg3 Ra3 36. Kf2 Ra2+ 37. Ke3 Ra8 1/2-1/2

[Event "Jugendweltmeisterschaft U12w"]
[Site "Belfort (FRA)"]
[Date "2005.07.27"]
[Round "10.1"]
[White "Arabidze, Meri"]
[Black "Petrova, Olga"]
[Result "1-0"]
[WhiteElo "1599"]
[BlackElo "1599"]
[PlyCount "97"]
[EventDate "2005.07.18"]

1. d4 Nf6 2. g3 g6 3. Bg2 Bg7 4. Nf3 O-O 5. O-O d6 6. c4 Nbd7 7. Nc3 e5 8. e4
exd4 9. Nxd4 Re8 10. h3 Nc5 11. Re1 c6 12. Bf4 Ne6 13. Be3 Nd7 14. Nxe6 Rxe6
15. Qc2 Ne5 16. Ne2 Re8 17. f4 Nd7 18. Rad1 Qa5 19. b3 f5 20. Bd4 fxe4 21. Bxg7
Kxg7 22. Qc3+ Qxc3 23. Nxc3 Nf6 24. Rxd6 h5 25. Nxe4 Bf5 26. Rxf6 Bxe4 27. Rd6
Bf5 28. Rxe8 Rxe8 29. Kf2 Re7 30. a3 Kf7 31. b4 Re8 32. c5 Re7 33. Bf1 Be4 34.
Bd3 Bxd3 35. Rxd3 b6 36. Kf3 a5 37. cxb6 axb4 38. Rb3 bxa3 39. Rxa3 Re8 40. b7
Rb8 41. Rb3 Ke6 42. Ke4 Kd6 43. g4 hxg4 44. hxg4 Re8+ 45. Kd3 Kc7 46. b8=Q+
Rxb8 47. Rxb8 Kxb8 48. f5 gxf5 49. g5 1-0

[Event "Jugendweltmeisterschaft U10"]
[Site "Belfort"]
[Date "2005.07.27"]
[Round "10.2"]
[White "Grover, Sahaj"]
[Black "Yeap, Eng Chiam"]
[Result "1-0"]
[WhiteElo "1955"]
[BlackElo "1599"]
[PlyCount "105"]
[EventDate "2005.07.18"]

1. e4 c5 2. Nf3 Nc6 3. d4 cxd4 4. Nxd4 e5 5. Nb5 Nf6 6. N1c3 d6 7. Bg5 a6 8.
Na3 Rb8 9. Bxf6 gxf6 10. Nc4 f5 11. exf5 Bxf5 12. Ne3 Bg6 13. h4 h6 14. Bd3 Rg8
15. Bxg6 Rxg6 16. Ne4 Qb6 17. h5 Re6 18. Nd5 Qa5+ 19. Qd2 Qxd2+ 20. Kxd2 Kd8
21. Rh3 Ne7 22. Rd3 Rc8 23. Nxe7 Bxe7 24. g4 Rc7 25. a4 Rc6 26. b3 Kc7 27. c4
Bd8 28. Rf3 f6 29. Ke2 Kd7 30. Rd1 Ke7 31. Rfd3 Bb6 32. Ng3 e4 33. Nf5+ Kd7 34.
Rd5 Bc5 35. Nxh6 b6 36. Nf5 Rc8 37. h6 Rh8 38. a5 Kc6 39. b4 Bxb4 40. Nd4+ Kd7
41. Nxe6 Kxe6 42. axb6 Rxh6 43. b7 Rh8 44. Rb1 a5 45. Rxa5 Bxa5 46. b8=Q Rxb8
47. Rxb8 d5 48. cxd5+ Ke5 49. Ke3 Bc7 50. Re8+ Kxd5 51. Rxe4 Bb6+ 52. Kf4 Bxf2
53. Kf5 1-0

[Event "Jugendweltmeisterschaft U10w"]
[Site "Belfort"]
[Date "2005.07.27"]
[Round "10.2"]
[White "Kotepalli, Sai Nirupama"]
[Black "Wang, Jie"]
[Result "0-1"]
[WhiteElo "1599"]
[BlackElo "1599"]
[PlyCount "148"]

1. e3 e5 2. g3 d5 3. Bg2 Nf6 4. Ne2 c5 5. d4 cxd4 6. exd4 exd4 7. Nxd4 Be7 8.
O-O O-O 9. Bg5 Nc6 10. Nc3 Be6 11. Re1 Nxd4 12. Qxd4 Qa5 13. a3 Rfd8 14. b4 Qc7
15. Bf4 Qc6 16. Bf1 Rac8 17. Nb5 Qxc2 18. Nxa7 Ra8 19. Nb5 Ne4 20. Rec1 Qb3 21.
Qe3 Qxe3 22. Bxe3 Bf6 23. Bd4 Bxd4 24. Nxd4 Rdc8 25. Nb5 Kf8 26. Nc7 Rab8 27.
b5 d4 28. b6 Rd8 29. Re1 Ng5 30. Bg2 d3 31. h4 Nh3+ 32. Bxh3 Bxh3 33. f3 h5 34.
a4 Bf5 35. Rad1 Rd6 36. a5 d2 37. Re2 Rbd8 38. Nb5 R6d7 39. Na3 Be6 40. Nb1 Ra8
41. Rexd2 Rxd2 42. Rxd2 Rxa5 43. Rb2 Ke7 44. Kf2 Ra2 45. Rxa2 Bxa2 46. Nc3 Be6
47. Ke3 Kd6 48. Kd4 Kc6 49. Na4 Bb3 50. Nc5 Bc2 51. Na4 Bb3 52. Nc5 Bd1 53. Nd3
Kxb6 54. f4 Ka5 55. Kc3 b5 56. Kb2 b4 57. Nf2 Bf3 58. Nd3 Bd5 59. Ne1 Be4 60.
Kb3 Kb5 61. f5 f6 62. Nc2 Bxc2+ 63. Kxc2 Kc4 64. Kb2 b3 65. Kb1 Kc3 66. Kc1 b2+
67. Kb1 Kb3 68. g4 hxg4 69. h5 Kc3 70. h6 gxh6 71. Ka2 Kc2 72. Ka3 b1=Q 73. Ka4
Qb6 74. Ka3 Qb3# 0-1

[Event "Jugendweltmeisterschaft U18"]
[Site "Belfort (FRA)"]
[Date "2005.07.28"]
[Round "11.2"]
[White "Khairullin, Ildar"]
[Black "Moranda, Wojciech"]
[Result "1-0"]
[WhiteElo "2538"]
[BlackElo "2453"]
[PlyCount "107"]
[EventDate "2005.07.18"]

1. e4 c6 2. d4 d5 3. exd5 cxd5 4. c4 Nf6 5. Nc3 g6 6. cxd5 Nxd5 7. Qb3 Nb6 8.
d5 Bg7 9. Be3 O-O 10. Rd1 Na6 11. Be2 Bd7 12. Nf3 Rc8 13. Bd4 Bg4 14. Bxg7 Kxg7
15. O-O Bxf3 16. Bxf3 Nc5 17. Qb4 Nbd7 18. Rfe1 Re8 19. Qd4+ Kg8 20. b4 Na6 21.
Nb5 Nb6 22. d6 Rc4 23. dxe7 Qxd4 24. Rxd4 Rxd4 25. Nxd4 Nxb4 26. Bxb7 N4d5 27.
Nc6 a5 28. Nxa5 Rxe7 29. Rxe7 Nxe7 30. Kf1 Na4 31. Ke1 Nc3 32. a3 Kf8 33. Nc4
Nf5 34. Kd2 Na4 35. Bc6 Nc5 36. Kc3 Ke7 37. a4 Kd8 38. a5 Kc7 39. Bd5 f6 40.
Na3 Nd6 41. Kd4 Nd7 42. f4 Nf5+ 43. Kc3 Nc5 44. Kc4 Na6 45. Nb5+ Kb8 46. Be4
Ne3+ 47. Kd4 Nf1 48. h3 Nd2 49. Bd5 Nf1 50. g4 Ng3 51. Bf3 h5 52. Kd5 hxg4 53.
hxg4 f5 54. g5 1-0

[Event "Jugendweltmeisterschaft U18w"]
[Site "Belfort (FRA)"]
[Date "2005.07.28"]
[Round "11.3"]
[White "Raeva, Elitsa"]
[Black "Purtseladze, Maka"]
[Result "0-1"]
[WhiteElo "2191"]
[BlackElo "2313"]
[PlyCount "85"]
[EventDate "2005.07.18"]

1. d4 Nf6 2. c4 e6 3. Nf3 b6 4. a3 Ba6 5. Qc2 c5 6. e3 cxd4 7. exd4 Be7 8. Nbd2
O-O 9. b4 Bb7 10. Bd3 a5 11. Rb1 axb4 12. axb4 Nc6 13. b5 Nb4 14. Qc3 Nxd3+ 15.
Qxd3 d5 16. O-O dxc4 17. Qxc4 Rc8 18. Qb3 Nd5 19. Ne4 Qc7 20. Ne5 f6 21. Nc6
Bxc6 22. bxc6 Rb8 23. Nc3 Qxc6 24. Nxd5 exd5 25. Bf4 Rb7 26. Rfc1 Qd7 27. Rc3
b5 28. Rh3 Ra8 29. Rh5 Ra3 30. Qxd5+ Qxd5 31. Rxd5 b4 32. Bc1 Rd3 33. Be3 b3
34. Kf1 Rc3 35. Ra5 b2 36. d5 Ba3 37. Ke2 Rc1 38. Bxc1 bxc1=Q 39. Ra8+ Kf7 40.
Rxb7+ Kg6 41. Rab8 Qc2+ 42. Ke1 Qe4+ 43. Kd2 0-1

[Event "Jugendweltmeisterschaft U16"]
[Site "Belfort (FRA)"]
[Date "2005.07.28"]
[Round "11.1"]
[White "Warakomski, Tomasz"]
[Black "Lenderman, Alex"]
[Result "0-1"]
[WhiteElo "2375"]
[BlackElo "2378"]
[PlyCount "79"]
[EventDate "2005.07.18"]

1. e4 e5 2. Nf3 Nf6 3. d4 Nxe4 4. Bd3 Nc6 5. Bxe4 d5 6. Nxe5 dxe4 7. Nxc6 bxc6
8. O-O Bd6 9. Qh5 O-O 10. Re1 f5 11. Bg5 Qd7 12. f3 Rb8 13. fxe4 Rxb2 14. c3
fxe4 15. Nd2 h6 16. Be3 Qf5 17. Qe2 Qg6 18. Rf1 Rxf1+ 19. Qxf1 Kh7 20. a4 Qh5
21. g3 Bh3 22. Qe1 Rc2 23. Qf2 Qg4 24. Re1 h5 25. Qe2 Qxe2 26. Rxe2 Rc1+ 27.
Kf2 Rh1 28. Bf4 Rxh2+ 29. Ke3 Bxf4+ 30. gxf4 Rxe2+ 31. Kxe2 Bf5 32. Nc4 h4 33.
Ne3 Be6 34. a5 Kg6 35. Kf2 Kf6 36. c4 g5 37. fxg5+ Kxg5 38. d5 cxd5 39. cxd5
Bf7 40. a6 0-1

[Event "Jugendweltmeisterschaft U16w"]
[Site "Belfort (FRA)"]
[Date "2005.07.28"]
[Round "11.1"]
[White "Harika, Dronavalli"]
[Black "Muzychuk, Anna"]
[Result "1/2-1/2"]
[WhiteElo "2396"]
[BlackElo "2364"]
[PlyCount "79"]
[EventDate "2005.07.18"]

1. Nf3 f5 2. g3 Nf6 3. Bg2 g6 4. O-O Bg7 5. d4 O-O 6. b4 d6 7. Bb2 e6 8. c4 Qe7
9. a4 Nbd7 10. Qb3 e5 11. c5+ Kh8 12. cxd6 cxd6 13. dxe5 Nxe5 14. Nd4 Ne4 15.
Rd1 Nc6 16. Nxc6 bxc6 17. Nd2 d5 18. Nxe4 fxe4 19. Rac1 Bb7 20. Rc5 Rab8 21.
Bxg7+ Qxg7 22. Qe3 Ba8 23. Qd4 Rf7 24. f3 exf3 25. Bxf3 Re7 26. Kf2 Kg8 27.
Qxg7+ Kxg7 28. Rd4 Rb6 29. e4 dxe4 30. Bxe4 Rb8 31. Bxc6 Rf8+ 32. Rf4 Rxf4+ 33.
gxf4 Bxc6 34. Rxc6 Re4 35. Kf3 Rxb4 36. Rc7+ Kf6 37. Rxa7 Rb3+ 38. Ke4 Rb4+ 39.
Ke3 Rb3+ 40. Ke4 1/2-1/2

[Event "Jugendweltmeisterschaft U14"]
[Site "BELFORT"]
[Date "2005.07.28"]
[Round "11.3"]
[White "Le, Quang Liem"]
[Black "Feller, Sebastien"]
[Result "1-0"]
[WhiteElo "2326"]
[BlackElo "2282"]
[PlyCount "73"]

1. d4 Nf6 2. Nf3 e6 3. c4 d5 4. Nc3 c5 5. cxd5 Nxd5 6. e4 Nxc3 7. bxc3 cxd4 8.
cxd4 Bb4+ 9. Bd2 Bxd2+ 10. Qxd2 O-O 11. Bc4 Nc6 12. O-O b6 13. Rad1 Na5 14. Bd3
Bb7 15. Rfe1 Qe7 16. Qf4 Rad8 17. h4 h6 18. h5 Rc8 19. Bb1 Rfd8 20. d5 Nc4 21.
dxe6 Qxe6 22. Nd4 Qe5 23. Qxe5 Nxe5 24. Nf5 Kf8 25. Nd6 Rc7 26. f4 Nc4 27. Nxb7
Rxd1 28. Rxd1 Rxb7 29. Rd8+ Ke7 30. Rg8 Nd2 31. Bd3 Rd7 32. Bb5 Rd8 33. Rxd8
Kxd8 34. Bd3 b5 35. Kf2 b4 36. Ke2 b3 37. a3 1-0

[Event "Jugendweltmeisterschaft U12"]
[Site "Belfort (FRA)"]
[Date "2005.07.28"]
[Round "11.1"]
[White "Narayanan, Srinath"]
[Black "So, Wesley"]
[Result "0-1"]
[WhiteElo "2084"]
[BlackElo "2165"]
[PlyCount "79"]
[EventDate "2005.07.18"]

1. e4 c5 2. Nf3 Nc6 3. d3 g6 4. g3 Bg7 5. Bg2 d6 6. O-O e5 7. Nbd2 Nge7 8. Re1
O-O 9. c3 h6 10. Nf1 Kh7 11. a3 a5 12. h4 f5 13. N1h2 d5 14. exf5 gxf5 15. h5
Bd7 16. Nh4 Bf6 17. Ng6 Rg8 18. Nxe7 Nxe7 19. Nf3 Nc6 20. Qb3 Be8 21. Qxb7+ Rg7
22. Qb3 a4 23. Qc2 Bxh5 24. Kh2 f4 25. Rh1 fxg3+ 26. fxg3 Bxf3 27. Bxf3 Bh4 28.
d4+ e4 29. Bf4 Bg5 30. Be5 Nxe5 31. dxe5 Bf4 32. Bxe4+ Kh8 33. Bf5 Rxg3 34. Qg2
Qh4+ 35. Bh3 Rxh3+ 36. Kg1 Rxh1+ 37. Qxh1 Be3+ 38. Kg2 Rg8+ 39. Kf3 Qd8 40. Qd1
0-1